Представление документа в формате MARC21

Поле Инд. ПП Название Значение
Тип записи a
Библиографический уровень b
001 Контрольный номер RU/IS/BASE/308931895
005 Дата корректировки 20200528185503.3
008 Кодируемые данные 20091015
040 b Код языка каталог. rus
e Правила каталог. PSBO
041 0_ a Код языка текста rus
084 a Индекс другой классификации/Индекс ББК 60.52
100 1_ a Автор Полякова Н. Л.
q Полное имя Полякова Наталья Львовна
245 10 a Заглавие Образ современных обществ в социологической теории конца XX - начала XXI в.
504 a Библиография Библиогр.: с. 143
520 0_ a Аннотация "Культура эндизма", "постиндустриальное общество", "информационное общество", "постмодернизм" и "глобализация" рассматриваются в статье как четыре фундаментальных социологических дискурса конца XX - начала XXI в., в рамках которых были осуществлены описание и теоретический анализ современных обществ
650 14 a Основная рубрика социология
653 1_ a Ключевые слова глобализация
a Ключевые слова постиндустриализм
a Ключевые слова сетевое общество
a Ключевые слова современное общество
a Ключевые слова социальная структура
a Ключевые слова социальные конфликты
a Ключевые слова теория "конца трудового общества"
a Ключевые слова теория информационного общества
a Ключевые слова теория общества
773 08 t Заглавие источника Вестник Московского университета. Серия 18, Социология и политология
d Дата издания источника 2009
g Прочая информация № 2. - С. 128 - 143
w Контрольный № источника RU/IS/BASE/299591369
901 t Тип документа b